000 00480nam a2200193Ia 4500
001 1510
008 201223s ii g b000 u asm u
082 _a891.4117
100 _aMadhab, Dev.
245 0 _aAadi Charita /
_cMadhab Dev.
_hTextual Documents
250 _a1st ed. /
260 _aSl :
_bSn ,
_cnd.
300 _a101p. ;
_c18cm.
500 _a64/Ref/Ass
653 _aAssamese-Religion
653 _aReligious Literature
653 _aRef-Assamese
942 _2ddc
_cBK
999 _c1506
_d1506